000 00700nam a2200265Ia 4500
003 OSt
005 20221006142744.0
006 a|||||r|||| 00| 0
007 ta
008 221006b |||||||| |||| 00| 0 eng d
020 _c¥1600
024 _a7,102
037 _bGift, Japan Foundation
_cTextual
040 _aEASL
_cEASL
_beng
041 _2eng
_aeng
082 _aTv42.N68, K5
100 _aDORE R.P
245 0 _aEducation in Tokugawa Japan
260 _aBerkeley
_bUniversity of California
_c1965
300 _a346p.
_ccm.
490 _v JEL
650 _aJEL
942 _hTv42.N68, K5
_cTEXL
_2CC
999 _c1075188
_d1075188